000 00431nam a2200181Ia 4500
008 210210b1965 xxu||||| |||| 00| 0 eng d
041 _aeng
082 _a580/235
100 _aROY (S K)
245 _aBryophyta pteridophyta and gymnosperms
260 _aMeerut
_bRastogi & Company
_c1965
650 _apteridophyta
650 _agymnosperms
650 _aBryophyta
650 _aand
690 _aBotany
906 _a010492
999 _c138260
_d138260